<?xml version="1.0" encoding="UTF-8"?><?xml-stylesheet type="text/xsl" href="static/style.xsl"?><OAI-PMH xmlns="http://www.openarchives.org/OAI/2.0/" xmlns:xsi="http://www.w3.org/2001/XMLSchema-instance" xsi:schemaLocation="http://www.openarchives.org/OAI/2.0/ http://www.openarchives.org/OAI/2.0/OAI-PMH.xsd"><responseDate>2026-04-13T13:19:45Z</responseDate><request verb="GetRecord" identifier="oai:www.recercat.cat:2445/112265" metadataPrefix="marc">https://recercat.cat/oai/request</request><GetRecord><record><header><identifier>oai:recercat.cat:2445/112265</identifier><datestamp>2025-11-20T10:49:49Z</datestamp><setSpec>com_2072_1057</setSpec><setSpec>col_2072_478857</setSpec><setSpec>col_2072_478917</setSpec></header><metadata><record xmlns="http://www.loc.gov/MARC21/slim" xmlns:dcterms="http://purl.org/dc/terms/" xmlns:xsi="http://www.w3.org/2001/XMLSchema-instance" xmlns:doc="http://www.lyncode.com/xoai" xsi:schemaLocation="http://www.loc.gov/MARC21/slim http://www.loc.gov/standards/marcxml/schema/MARC21slim.xsd">
   <leader>00925njm 22002777a 4500</leader>
   <datafield ind2=" " ind1=" " tag="042">
      <subfield code="a">dc</subfield>
   </datafield>
   <datafield ind2=" " ind1=" " tag="720">
      <subfield code="a">Mateu Ibars, Josefina, 1933-2015</subfield>
      <subfield code="e">author</subfield>
   </datafield>
   <datafield ind2=" " ind1=" " tag="260">
      <subfield code="c">2017-06-12T13:46:10Z</subfield>
   </datafield>
   <datafield ind2=" " ind1=" " tag="260">
      <subfield code="c">2017-06-12T13:46:10Z</subfield>
   </datafield>
   <datafield ind2=" " ind1=" " tag="260">
      <subfield code="c">1988</subfield>
   </datafield>
   <datafield ind2=" " ind1=" " tag="260">
      <subfield code="c">2017-06-12T13:46:10Z</subfield>
   </datafield>
   <datafield ind2=" " ind1=" " tag="520">
      <subfield code="a">La primera edición de Storia dei Vieere in Sicilia, escrita por G.E. Di-Blasi, Abate benedictino de Palermo, se imprimió en 1790, dos años después del fallecimiento de Carlos III, rey De España y comprende un largo estudio dedicado a los gobernantes de aquel Regnum Siciliae ultra Farum desde 1409 a] 774, cuando reinaba Fernando IV (1759- ]825), Rey de las Dos Sicilias (Regnum Siciliae cilra el ullra Farum, en el recuerdo de las titulaciones reales). Los editores de la segunda edición de esta obra, en 1842, convinieron en apreciar que el estudio de Di-Blasi era superior al de los historiadores sículos que le habían precedido y reimprimiéndola concluyeron la Historia de Sicilia hasta ]840. Es positivo historiográficamente releer esta segunda edición y apreciar las sutiles observaciones del benedictino, algunas entresacadas aquí de modo que se valore la precisión en citas de referencia, opiniones muy subjetivas sobre el acaecer de los hechos y el respeto seguro y sincero hacia la Casa de Borbón.</subfield>
   </datafield>
   <datafield tag="653" ind2=" " ind1=" ">
      <subfield code="a">Reis i sobirans</subfield>
   </datafield>
   <datafield tag="653" ind2=" " ind1=" ">
      <subfield code="a">Història</subfield>
   </datafield>
   <datafield tag="653" ind2=" " ind1=" ">
      <subfield code="a">Sicília (Itàlia)</subfield>
   </datafield>
   <datafield tag="653" ind2=" " ind1=" ">
      <subfield code="a">Kings and rulers</subfield>
   </datafield>
   <datafield tag="653" ind2=" " ind1=" ">
      <subfield code="a">History</subfield>
   </datafield>
   <datafield tag="653" ind2=" " ind1=" ">
      <subfield code="a">Sicily (Italy)</subfield>
   </datafield>
   <datafield ind2="0" ind1="0" tag="245">
      <subfield code="a">Carlos III de Borbón en la 'Storia cronológica dei Vicerè di Sicilia' de Giovanni E. Blasi (XVIII).</subfield>
   </datafield>
</record></metadata></record></GetRecord></OAI-PMH>